Statistics for Top 10 Tomato Exporting Countries - One Minute Sprint

Click here to take the quiz!

General Stats

  • This quiz has been taken 48 times
  • The average score is 6 of 10

Answer Stats

US$ milcountry% Correct
1100Spain
98%
352United States
98%
355France
87%
2100Mexico
87%
373Canada
60%
240Turkey
58%
509Morocco
38%
1600Netherlands
27%
288Belgium
18%
256Jordan
4%

Score Distribution

Percentile by Number Answered

Percent of People with Each Score

Your Score History

You have not taken this quiz